Fresh water for India's children and nature (Record no. 481250)

000 -LEADER
fixed length control field 00473cam a22001577a 4500
008 - FIXED-LENGTH DATA ELEMENTS--GENERAL INFORMATION
fixed length control field 180718b1998 xxu||||| |||| 00| 0 eng d
082 ## - DEWEY DECIMAL CLASSIFICATION NUMBER
Classification number V4 N56
245 ## - TITLE STATEMENT
Title Fresh water for India's children and nature
Statement of responsibility, etc. by Ashok Nigam...[et.al]
260 ## - PUBLICATION, DISTRIBUTION, ETC.
Place of publication, distribution, etc. New Delhi
Name of publisher, distributor, etc. World Wide Fund
Date of publication, distribution, etc. 1998
300 ## - PHYSICAL DESCRIPTION
Extent 82+p.
650 ## - SUBJECT ADDED ENTRY--TOPICAL TERM
Topical term or geographic name entry element Children - India
650 ## - SUBJECT ADDED ENTRY--TOPICAL TERM
Topical term or geographic name entry element Fresh water
700 ## - ADDED ENTRY--PERSONAL NAME
Personal name World Wide Fund (WWF)
700 ## - ADDED ENTRY--PERSONAL NAME
Personal name United Nations Children's Fund (UNICEF)
700 ## - ADDED ENTRY--PERSONAL NAME
Personal name Nigam, Ashok
Holdings
Withdrawn status Lost status Damaged status Not for loan Permanent Location Current Location Date acquired Full call number Barcode Date last seen Price effective from Koha item type
        Indian Institute of Public Administration Indian Institute of Public Administration 2018-08-04 V4 N56 GG24563 2018-08-04 2018-08-04 GG

Powered by Koha